| 000 | 00611cam a2200193 a 4500 | ||
|---|---|---|---|
| 001 | 000000950 | ||
| 005 | 20200929145442.0 | ||
| 008 | 891026s1988 uy b f100 0 spa c | ||
| 040 |
_aDO-SdBNP _bspa _cBNPHU |
||
| 082 |
_a658.4 _bU82a |
||
| 110 | 1 |
_aUruguay. _bOficina Nacional del Servicio Civil _93333 |
|
| 245 | 1 | 0 | _aAlta gerencia. |
| 260 |
_aMontevideo, Uruguay : _bIngenio, _c1988. |
||
| 300 |
_av. ; _c26 cm. |
||
| 500 | _aIncluye referencias bibliográficas | ||
| 650 | 4 |
_aGobierno _xAlta gerencia _zUruguay _93334 |
|
| 650 | 4 |
_aAdministración pública _zUruguay _93335 |
|
| 910 | _aCatalogación por Copia / LC | ||
| 999 |
_c939 _d939 |
||